2013-14 NFL Playoffs - Statistics

General Stats
  • This quiz has been taken 2,136 times
  • The average score is 10 of 12
Answers on the Map
Answers color-coded by a green-red scale on the quiz's map according to % correct below.
 
Answer Stats
Team % Correct
New England Patriots
97%
Denver Broncos
96%
Seattle Seahawks
96%
Green Bay Packers
92%
San Francisco 49ers
90%
Indianapolis Colts
87%
Kansas City Chiefs
84%
New Orleans Saints
82%
Philadelphia Eagles
82%
Cincinnati Bengals
81%
Carolina Panthers
79%
San Diego Chargers
69%
No matching quizzes found
Score Distribution
Percent of People with Each Score
Percentile by Number Answered
Your Score History
You have not taken this quiz